The law of dilapidations (Record no. 105209)

MARC details
000 -LEADER
fixed length control field 00874cam a2200217 4500
001 - CONTROL NUMBER
control field ##L132671
008 - FIXED-LENGTH DATA ELEMENTS--GENERAL INFORMATION
fixed length control field 060228n1924 000 0 eng u
035 ## - SYSTEM CONTROL NUMBER
System control number (Sirsi) u132671
041 0# - LANGUAGE CODE
Language code of text/sound track or separate title eng
050 04 - LIBRARY OF CONGRESS CALL NUMBER
Classification number 346.410434 $2 18
100 1# - MAIN ENTRY--PERSONAL NAME
Personal name Pocock, Sydney E.
245 04 - TITLE STATEMENT
Title The law of dilapidations
250 ## - EDITION STATEMENT
Edition statement 7th ed.
260 ## - PUBLICATION, DISTRIBUTION, ETC.
Place of publication, distribution, etc. London
Name of publisher, distributor, etc. Estates Gazette
Date of publication, distribution, etc. 1924
300 ## - PHYSICAL DESCRIPTION
Extent 238p.
Dimensions 22cm.
490 #0 - SERIES STATEMENT
Series statement College of Estate Management Text Book
520 ## - SUMMARY, ETC.
Summary, etc. Concise reference book on all aspects concerning dilapidation law and practice in relation with subjects such as waste; landlord and tenant repair contracts; fire damage; fixtures; trees and timber; agricultural tendencies; party walls; and liabilities under acts of parliament.
690 ## - LOCAL SUBJECT ADDED ENTRY--TOPICAL TERM (OCLC, RLIN)
Topical term or geographic name as entry element PROPERTY-LEASEHOLD PROPERTY-LANDLORD AND TENANT-DILAPIDATIONS
700 1# - ADDED ENTRY--PERSONAL NAME
Personal name Smalley-Baker, C. E.
942 ## - ADDED ENTRY ELEMENTS (KOHA)
Suppress in OPAC 0
Holdings
Withdrawn status Lost status Source of classification or shelving scheme Damaged status Not for loan Home library Current library Shelving location Date acquired Total Checkouts Full call number Barcode Date last seen Copy number Price effective from Koha item type
    Dewey Decimal Classification     London London Basement 28/02/2006   SHELF 206 30071941 06/08/2019 1 06/08/2019 Book